000 00695nam a2200241 i 4500
001 C2-0301713
003 PPAK
005 20180728082941.0
008 091223s2005 my a|||| ||||| | may d
020 _a983300296X
040 _aPPAK
_beng
_cPPAK
_erda
082 0 4 _a158.1
_223
090 0 0 _a158.1
_bASR
_dG
100 0 _aAsrul Zamani,
_eauthor
245 1 0 _aKeazaman membara
264 1 _aShah Alam, Selangor :
_bTimes Editions-Marshall Cavendish ,
_c2005
300 _a108 pages :
_billustrations ;
_c21 cm
336 _2rdacontent
_atext
337 _2rdamedia
_aunmediated
338 _2rdacarrier
_avolume
650 1 0 _aSelf-actualization (Psychology). ; Success.
942 _ddc
_cB
999 _c105481
_d105481